00391nam a22001337a 4500020001800000082003200018100001900050245003900069260004800108300001900156526003700175526003700212650000800249 a01344805LL025 a551.480724bSINcL-18, P-22 aSingh, Vijay P aHydrologic system /cVijay P Singh aNew JarseybPrentice Hall, Englewoodc1988. axiii, 480 p. : a0b0c0d551_480724000000000_SIN a0b0c0d551_480724000000000_SIN aMCE